000 00307nam a2200121Ia 4500
003 GCL
008 140319s9999 xx 000 0 eng d
040 _aGCL /
_cGCL
082 0 4 _a720.688
_bSV
245 1 0 _aValue Pricing For The Design Firm
260 _a[S.N] :
_bMacmillan Publishing Company
300 _a218 P
999 _c18287
_d18287